00650nam a2200157 i 450000100060000000300090000600500170001500700030003200800410003511000290007624502300010526000490033530000320038471000420041685200340045847172ES-MaACL20250811072828.0t|030404s1964 sp ||||1| spa d2 aPamlona. bAyuntamiento.10aConvenio entre el Excelentísimo Ayuntamiento de Pamplona y la Junta Central de Acuartelamiento del Ministerio del Ejército para la cesión de propiedades y terrenos militares enclavados en el casco urbano de esta ciudad. a[Pamplona : bs.n., c1964] (fImp. Cometip) a15 h. : b3 map. ; c34 cm.1 aEspaña. bMinisterio del Ejército aES-MaACLj1943-F-25 bR.56023